00415nam a2200133Ia 4500008004100000082001600041100003000057245008100087260003900168300001500207520001100222650002800233700002000261230907s9999||||xx |||||||||||||| ||und|| a621.22bHAI aHaider Sami (00000205152) 0aTechno Economic Analysis of Electric Vehicle Policy : The Case of Pakistan / aUSPCAS-E, NUST,bIslamabad :c2020 axii, 64 p. aTH-238 aMS-ESE Thesis MS Thesis aDr Kafait Ullah